| 000 | 00601cam a2200217 4500 | ||
|---|---|---|---|
| 001 | sa 68014407 | ||
| 003 | DLC | ||
| 005 | 20260227112631.0 | ||
| 008 | 700204s1967 ii a 00110 eng | ||
| 010 | _asa 68014407 //r86 | ||
| 025 | _aPL480:I-E-10672 | ||
| 050 | 0 |
_aHB171 _b.M487 1967 |
|
| 082 | _a330 | ||
| 100 | 1 | 0 |
_aMehta, J. K. _q(Jamshed Kaikhusroo), _d1901- |
| 245 | 1 | 0 |
_aLectures on modern economic theory, _cby J. K. Mehta. |
| 250 | _a[3d ed.] | ||
| 260 | 0 |
_aAllahabad, _bChaitanya Pub. House, _c1967. |
|
| 300 |
_avii, 304 p. _billus. _c22 cm. |
||
| 350 | _a10.50 | ||
| 650 | 0 | _aEconomics. | |
| 999 |
_c85761 _d85761 |
||